000 00667cam a2200229 4500
001 J2987
008 090401t1995 xxu||||| |||| 00| 0 eng d
035 _a(Sirsi) u52401
041 _aeng
050 _a332.6324
110 _aRichards Butler
_91595
245 _aPension funds and investment in UK property: survey results. - Spring 1995
260 _aLondon
_bRichards Butler
_c1995
300 _a8 leaves ; 30cm.
350 _a0
650 _aINSTITUTIONAL INVESTORS
650 _aPENSION FUNDS
650 _aPROPERTY INVESTMENT
690 _aPROPERTY-COMMERCIAL PROPERTY-COMMERCIAL PROPERTY FINANCE AND INVESTMENT
942 _n0
948 _c04/03/1997
999 _c93057
_d93057